000 00368nam a2200145Ia 4500
008 240624s9999 xx 000 0 und d
041 _aeng
082 _a332 MIT
100 _aMITTRA SID
245 _aPRACTICING FINANCIAL PLANNING FOR PROFES
250 _a(10th ed.)
260 _c2008
_aMichigan
_bRochester Hills Publishing
300 _a820 : p.
365 _c
_b27
999 _c16598
_d16598